00822nam a22002177a 4500010001300000020002200013037001600035040001200051082001600063100002400079245005500103260005400158270005000212300002500262500001900287650010100306650003000407942002500437999001900462952012300481 aA-991572 c00.00a8176480975 bCen Lib/Ret aDPLbEN a372.03bASH aAshraf, Nehal98475 aDictionary of primary education :cby Nehal Ashraf aNew Delhi bA. P. H. Publishing Corporationc1999 a5, Ansari Road, Darya GanjbNew Delhie110002 aviii,194p.c22cm(Hb) aIncludes index a Education, Primary -- Dictionaries. 98476 aEducation, Primary.98477 2ddccENh372.03mASH c123907d123907 00104070aLbLd2015-06-12eCen Lib/Retg0.00l0o372.03 ASHpA-991572r2015-06-12 00:00:00t1v0.00w2015-06-12yEN